000 00953nam a2200277 a 4500
008
020 _a0333464192 (cased)
049 _aMAIN
090 _aHG3891.5
100 1 _aMcKenzie, George W.
245 1 0 _aFinancial instability and the international debt problem /
_cGeorge McKenzie and Stephen Thomas.
260 _aLondon :
_bMacmillan in association with the Centre for International Economics, University of Southampton,
_c1992.
300 _aix, 211 p. ;
_c22 cm.
504 _aIncludes bibliographical references.
500 _aIncludes index.
650 0 _aDebts, External.
650 0 _aDebts, Public.
650 0 _aRisk.
700 1 _aThomas, Stephen
_q(Stephen H.)
710 2 _aUniversity of Southampton.
_bCentre for International Economics.
907 _a.b10059751
_b30-06-04
_c17-04-03
003
005 20230123133749.0
040 _cNUST
942 _cBOOKS
_kHG3891.5
999 _c154207
_d154207